Wordt geladen...

Management of organizational behaviour : utilizing human resources

Bibliografische gegevens
Hoofdauteur: Blanchard, Kenneth H
Andere auteurs: Hersey, Paul
Formaat: Printed Book
Taal:Undetermined
English
Gepubliceerd in: New Delhi Prentice-Hall of India Private Limited 1993
Editie:6
Onderwerpen:
LEADER 00671nam a2200205Ia 4500
008 140306s9999 xx 000 0 und d
020 |a 8120308751 
041 |a eng 
082 |a 658  |b HER/MA 
100 |a Blanchard, Kenneth H 
245 |a Management of organizational behaviour : utilizing human resources 
250 |a 6 
260 |a New Delhi  |b Prentice-Hall of India Private Limited  |c 1993 
300 |a 536 
365 |b Rs. 95 
650 |a Personnel management 
700 |a Hersey, Paul 
942 |2 ddc  |c BK 
999 |c 179508  |d 179508 
952 |0 0  |1 0  |2 ddc  |4 0  |6 658_000000000000000_HER_MA  |7 0  |9 184647  |a KAUCBV  |b KAUCBV  |d 2004-03-02  |g 95.00  |o 658 HER/MA  |r 2014-03-22  |w 2014-03-22  |y BK